000 00561nam a2200229Ia 4500
003 OSt
005 20220924150915.0
006 a|||||r|||| 00| 0
007 ta
008 220923b |||||||| |||| 00| 0 tel d
024 _a335145
037 _cTextual
040 _aARTS
_cARTS
_btel
041 _2tel
_atel
082 _aO35,3N30,11, L6
100 _aRama Lakshmi
_9223193
245 0 _aLavangi
260 _c1976
650 _aTELUGU FICTION
942 _hO35,3N30,11, L6
_cTEXL
_2CC
999 _c464936
_d464936